000 00300nam a2200121Ia 4500
008 190216s9999||||xx |||||||||||||| ||und||
100 _aWalter E Miller & Jodeph A Babor
245 0 _aGeneral Chemistry
260 _bScientific Book Co
_c1965
300 _a691p
650 _aChemistry
942 _cBK
999 _c1995
_d1995